00678 2200253 4500001002100000005001700021008004100038020001800079035002400097082001100121090002300132100002100155245005900176250001100235260003100246300002400277440001900301500002500320650002000345850001200365980001800377985000600395999002300401YOGYA-0209000005608020090227033640.0 ind  a979-21-0007-5 0010-020900000056080 a616.33 a616.33bLan PlDEP aLANYWATI, Endang aPenyakit Maag dan Gangguan PencernaanmcEndang Lanywati aCet. 1 aYogyakartabKanisiusc2001 a40 hlmbilusc19 cm aSeri kesehatan aBibliografi : hlm 37 aPerut- penyakit aYOPDYOG a31 Maret 2005 a1 a2001-15 h CB-D. 11